[Event "Herzliya"]
[Site "Herzliya"]
[Date "2000.09.13"]
[Round "8"]
[White "Zifroni, Dov"]
[Black "Kaspi, Alexander"]
[Result "1-0"]
[WhiteElo "2527"]
[BlackElo "2488"]
[Annotator "Tsesarsky,I"]
[PlyCount "65"]
[EventDate "2000.09.06"]
[EventType "tourn"]
[EventRounds "9"]
[EventCountry "ISR"]
[EventCategory "9"]
[SourceTitle "CBM 079"]
[Source "ChessBase"]
[SourceDate "2000.11.21"]
[SourceVersion "1"]
[SourceVersionDate "2000.11.21"]
[SourceQuality "1"]

1. Nf3 d5 2. d4 c6 3. c4 e6 4. Bg5 Nf6 5. e3 Qa5+ 6. Nbd2 Ne4 (6... Nbd7 {
-mainline}) 7. Bf4 ({After} 7. Bh4 $6 {White falls to interesting trap:} dxc4 (
7... g5 $5 8. Bxg5 dxc4 9. Bh4 b5 10. Qc2 $14 {0-1 Filgueira,H-Benko,F/Buenos
Aires Najdorf 1993 (54)}) 8. Qc2 {White had to sacrifice P because} ({after} 8.
Bxc4 g5 $1 9. Bg3 g4 {White loses whole piece.} 10. O-O (10. Ne5 $2 Nxd2 11.
Qxd2 Bb4 $1 $19 {[%csl Rd2]}) 10... Nxg3 11. fxg3 gxf3 12. Qxf3 Qf5 $1 (12...
Qc7 13. Ne4 Bg7 14. Nd6+ Qxd6 15. Qxf7+ Kd8 16. Qxg7 $44 {0-1 Ipata-Palau/
Buenos Aires (t Mayor) (2) 1931/ (41)}) 13. Qe2 Qg6 $19 {1-0 Thesing
Matthias-Van Der Brink Peter/Ch Netherlands (team) 1995/ (39)}) 8... Nxd2 9.
Nxd2 b5 $15) (7. h4 $5 Bb4 8. a3 Bxd2+ 9. Nxd2 dxc4 10. Bxc4 Nxg5 11. Qh5 Nf3+
12. Qxf3 $14 {1/2-1/2 Edelsvard,O-Lindh,B/cr SWE/K 1973/ (35)}) 7... Bd6 $6 {
White keeps an advantage also in another variations:} (7... Nxd2 8. Nxd2 Nd7 9.
a3 $14 {1/2-1/2 Letelier Martner,R-Bolbochan,J/Mar del Plata zt 1951/ (52)}) (
7... c5 8. dxc5 Bxc5 9. a3 Nxd2 10. Nxd2 Qd8 11. cxd5 exd5 12. Nb3 $14 {
1/2-1/2 Katigin-Ishkov/Roslavl 1989(76)}) (7... Bb4 $6 8. a3 Bxd2+ 9. Nxd2 Nxd2
10. Qxd2 Qxd2+ 11. Kxd2 $14 {1/2-1/2 Orso,M-Majdanics,A/HUN 1994/ (37)}) (7...
dxc4 8. Bxc4 Nxd2 ({here} 8... g5 {doesn't bring nothing:} 9. Be5 f6 10. Bc7 $5
Qxc7 11. Nxe4 $14) 9. Nxd2 Nd7 10. O-O $14 {1/2-1/2 Koch,W-Soln,P/Finkenstein ,
EXT 1995/ (37)}) (7... Nd7 $1 {In my opinion, this move is the best here.} 8.
a3 {was played in some games, but White position is slightly better.}) 8. Bxd6
Nxd6 {Black squares BB change and N back-jump to d6 is not successful desicion.
..} 9. b3 Nd7 10. Bd3 f5 $6 $16 (10... Ne4 11. O-O f5 {This position was
played 65 years ago, and nobody of strong chessplayers didn't play it during
so long time...} 12. a3 O-O 13. b4 Qd8 14. Qb3 $16 {1-0 Rabinovich,
I-Lowenfisch,G/Moscow 1935/ (45)}) (10... dxc4 $142 $1 11. bxc4 c5 (11... e5
12. O-O exd4 13. exd4 O-O 14. c5 Nb5 15. Nc4 Qd8 16. a4 Nc7 17. Re1 Nd5 18. Qb1
N7f6 19. Nd6 (19. a5 $16) 19... b6 20. Ng5 g6 (20... h6 21. Bh7+ Kh8 22. Ngxf7+
$18) 21. a5 $16 (21. h3 $16)) 12. O-O cxd4 13. exd4 O-O $14) 11. O-O O-O 12.
Qc2 Ne4 13. a3 Qd8 14. b4 {Whithout black-squares BB stonewall is not
effective. Also Bd3 placed better than on g2.} Qf6 15. Nb3 dxc4 $6 (15... Qh6
16. a4 Ndf6 17. Ne5 $16) 16. Bxc4 Kh8 17. Bd3 Nd6 18. Nc5 Nf7 (18... Nxc5 19.
bxc5 Nf7 20. Qc3 Re8 21. Bc4 $16 (21. Ne5 $16 {[%csl Rc8]})) 19. e4 $1 {
Black pieces position is ugly, and White use it} Nxc5 20. Qxc5 {[%cal Gc5f8]} (
20. e5 Qh6 21. bxc5 Ng5 22. Nd2 f4 23. f3 Rd8 24. Qc3 $16 {[%cal Gd2c4,Gc4d6]})
20... Re8 (20... Bd7 21. Rfe1 $16 (21. e5 Qd8 22. Nd2 $16) (21. Ne5 Nxe5 22.
dxe5 Qg6 23. exf5 exf5 24. f4 $16)) 21. Ne5 Nxe5 22. dxe5 Qe7 23. Rad1 Qxc5 24.
bxc5 Kg8 (24... b6 25. Bc4 bxc5 26. Rd6 fxe4 (26... Rb8 27. exf5 exf5 28. f4
$16) 27. Rb1 $16 {[%csl Rc5,Rc6,Re4,Re6]}) 25. f4 Kf8 26. Bc4 {Black Bc8 can't
take part in the game.} fxe4 (26... b5 27. Bb3 a5 28. Rd6 $16 {[%csl Rc6,Rc8]
[%cal Gd1d8]}) 27. Rd6 Ke7 28. Kf2 Rf8 29. Ke3 Bd7 (29... b5 30. Bb3 Bd7 31.
Rfd1 Rad8 32. Kxe4 a5 33. h4 $16) 30. Kxe4 Rae8 $6 {Useless move.} (30... b6
$16) 31. g4 (31. Rb1 Rb8 (31... Bc8 32. Bxe6 {-like in the game}) 32. g4 $16)
31... g6 32. Rb1 Bc8 $2 (32... Rb8 33. Rbd1 (33. a4 b6 (33... h6 34. h4 b6 35.
Rbd1 Rbd8 36. cxb6 axb6 37. Bb3 $22 h5 38. g5 Rfe8 39. Bc2 Rg8 40. Ke3 Rg7 41.
Be4 Rgg8 42. R1d2 c5 43. Rxb6 $18) 34. cxb6 axb6 35. Rbd1 Rb7 $14) 33... Rbd8 (
33... Rfd8 34. R1d3 b6 35. cxb6 axb6 (35... Rxb6 36. Bxe6 Bxe6 37. Rxd8 Bxg4
38. R3d6 $18))) 33. Bxe6 1-0

[Event "RUS-chT 07th"]
[Site "Smolensk"]
[Date "2000.04.18"]
[Round "4"]
[White "Kopjonkin, Gennady"]
[Black "Arkhipov, Sergey G"]
[Result "1-0"]
[WhiteElo "2353"]
[BlackElo "2527"]
[Annotator "Tsesarsky,I"]
[PlyCount "59"]
[EventDate "2000.04.15"]
[EventType "team-tourn"]
[EventRounds "11"]
[EventCountry "RUS"]
[SourceTitle "CBM 077"]
[Source "ChessBase"]
[SourceDate "2000.07.27"]
[SourceVersion "1"]
[SourceVersionDate "2000.07.27"]
[SourceQuality "1"]
[WhiteTeam "Voronezh OShK"]
[BlackTeam "Novokuznetsk"]
[WhiteTeamCountry "RUS"]
[BlackTeamCountry "RUS"]

1. d4 d5 2. Nf3 c6 3. c4 e6 4. Nbd2 c5 $5 {Good reaction on the last move.} 5.
dxc5 (5. cxd5 exd5 6. e4 $5 (6. dxc5 Bxc5 7. Nb3 Be7 (7... Bb6 8. Bg5 {-like
in this game}) 8. e3 {[%csl Rc1]} Nf6 9. Be2 O-O 10. O-O Nc6 $11 {1-0 Kozul,
Z-Lipinsky,F/Bled 1997/EXP 57/[ 5] (41)}) 6... Nf6 (6... cxd4 $132) 7. e5 Nfd7
8. Bd3 Nc6 9. O-O Be7 10. Re1 O-O $132 {1/2-1/2 Ovsejevitsch,S-Tyomkin,D/
EU-chJM U20 Holon ,EXT 1995/[ 5] (18)}) (5. b3 $6 cxd4 6. Nxd4 Nc6 7. Nxc6 (7.
Bb2 Nxd4 8. Bxd4 dxc4 $17 {0-1 Stojanovic,A-Velcheva,M/Vrnjacka Banja YUG 1999/
[ 5] (59)}) 7... bxc6 $11 (7... Qf6 8. Rb1 bxc6 $11)) 5... Bxc5 6. Nb3 Bb6 7.
cxd5 exd5 {This pawn structure is typical for French defense with 3.Nbd2 c5} 8.
Bg5 (8. e3 Nf6 $11 {[%csl Rc1]}) 8... Nf6 9. e3 O-O 10. Bd3 (10. Be2 $142 Nc6
11. O-O Bg4 12. Rc1 $132 {White can't organize pressure on isolated Pd5}) 10...
Bg4 11. h3 Bh5 12. O-O Nc6 13. Be2 (13. Rc1 Re8 $132) 13... h6 (13... Re8 $11)
14. Bh4 Qd6 15. Bxf6 (15. Nfd4 Bxe2 16. Nxe2 Ne4 $11) 15... Qxf6 16. Qxd5 Qxb2
{This position is equal, but the game is not over yet...} 17. Bb5 (17. Qxh5
Qxe2 18. Rfe1 Qb2 19. Nbd2 $11) 17... Bxf3 (17... Bg6 18. Bxc6 bxc6 19. Qxc6
Rac8 $44) 18. Qxf3 Rac8 19. Qe2 {Draw?} (19. Rfc1 Ne5 20. Qxb7 Rxc1+ 21. Rxc1
Qxa2 22. Qe4 Qxb3 23. Qxe5 $11) 19... Qe5 {Black is trying to win this equal
position.} (19... Qxe2 20. Bxe2 $11) 20. Rac1 Ne7 (20... Rfd8 21. Rfd1 $11) 21.
Bd7 (21. Rfd1 $11) 21... Rcd8 22. Bg4 (22. Rfd1 $11) 22... Nd5 23. Bf3 $6 (23.
Nc5 $142 Qe7 24. Na4 Bc7 25. Rfd1 Qe5 26. g3 Nf6 27. Bf3 $11) 23... Rfe8 24.
Rc4 Re7 $6 (24... Bc7 $5 25. g3 b5 $5 (25... Bb6 26. Kh2 Re6 27. Rfc1 Red6 28.
Nd4 $11) 26. Rc6 (26. Re4 $4 Nc3 $1) 26... Nc3 27. Qc2 b4 28. Rc1 Bb6 $15) 25.
Rfc1 Red7 26. Rc8 g6 (26... Bc7 27. Rxd8+ Rxd8 28. g3 $11) 27. Rxd8+ Rxd8 28.
Rd1 Kg7 $4 $18 {[%mdl 8192]} (28... Nc3 29. Rxd8+ Bxd8 30. Qc2 Bc7 31. g3 $11)
(28... Bc7 29. g3 Rd6 $11) 29. Qb5 {[%csl Rd5][%cal Gb5e5]} Bc7 30. Rxd5 1-0

[Event "RUS-ch KO"]
[Site "Moscow"]
[Date "1999.12.18"]
[Round "2.2"]
[White "Lunev, Andrey"]
[Black "Grischuk, Alexander"]
[Result "1/2-1/2"]
[WhiteElo "2465"]
[BlackElo "2545"]
[Annotator "Tsesarsky,I"]
[PlyCount "105"]
[EventDate "1999.12.04"]
[EventType "k.o."]
[EventRounds "6"]
[EventCountry "RUS"]
[SourceTitle "CBM 075"]
[Source "ChessBase"]
[SourceDate "2000.04.05"]
[SourceVersion "1"]
[SourceVersionDate "2000.04.05"]
[SourceQuality "1"]

{[%mdl 544]} 1. d4 d5 2. Nf3 e6 3. c4 c6 4. Qc2 Nf6 5. g3 dxc4 6. Qxc4 b5 7.
Qb3 Bb7 8. Bg2 Nbd7 9. O-O a6 (9... Be7 10. a4 a6 11. Bd2 c5 12. axb5 Bd5 13.
Qc2 Be4 14. Qd1 axb5 15. Rxa8 Qxa8 16. dxc5 Nxc5 17. Nc3 {0,5/Horvath,C-Matlak,
M/Stary Smokovec/1991/} Bc6 $11) (9... a5 10. Bg5 Qb6 11. a4 h6 12. Bxf6 Nxf6
13. Ne5 Bb4 14. Nd3 $14 {Razuvaev,Y-Knaak,R/Dortmund/1991/}) 10. a4 c5 11. axb5
Bd5 12. Qd3 (12. Qd1 axb5 13. Rxa8 Qxa8 14. dxc5 (14. Bg5 Ne4 15. Be3 c4 16.
Nbd2 Be7 17. Nxe4 Bxe4 $11 {(36) 0-1 Ivanov,Mikhail M-Filippov,Valerij/
Vladivostok Zaitsev (5) ;CBM 50 1995 (29)}) (14. Nc3 Bc6 15. Ne1 Bxg2 16. Nxg2
Qc6 (16... b4 17. Nb5 Qc6 18. Qa4 Be7 19. dxc5 O-O 20. Be3 $2 Bxc5 (20... Ra8
21. Qxb4 Rb8 22. Nd4 Qxg2+ 23. Kxg2 Rxb4 24. Nc6 Bxc5 25. Bxc5 Rxb2 26. Ne7+
Kh8 (26... Kf8 $5 27. Ba3 Ra2 (27... Rxe2 $4 28. Rc1 Ne8 29. Rc8 f6 (29... f5
30. Ng6+ Kf7 31. Nh8+ $18) 30. Ng6+ $18) 28. Bb4 Ke8 29. Rc1 Ne5 $15) 27. Ra1
h6 $17) 21. Nc3 Qb7 22. Qb5 Qa8 23. Bxc5 Rb8 24. Qxb4 Rxb4 25. Bxb4 Qb7 26. Ba3
$44 {Alienkin,Aleksander-Pavasovic,Dusko/Pardubice Czech op (2) ;EXT 99 1998/1/
2-1/2 (72)}) 17. dxc5 Bxc5 18. Nf4 O-O 19. Nd3 Bd4 {1/2-1/2 Hellsten,
Johan-Bagirov,Vladimir/Yerevan ol (Men) (13) ;EXT 97 1996}) 14... Bxc5 15. Nc3
Bc6 16. Ne1 {1/2-1/2 Razuvaev,Yuri S-Yakovich,Yuri/Moscow Tal mem ;EXT 97 1992}
(16. Ne1 Bxg2 17. Nxg2 b4 18. Na4 Be7 19. b3 $11 {1/2-1/2 Ionov,Sergey-Volzhin,
Alexander/St Petersburg op (4) ;CBM 46 ext 1995 (39)})) (12. Qc2 axb5 13. Rxa8
Qxa8 14. Nc3 (14. dxc5 Bxc5 15. Nc3 Bc6 16. Bg5 O-O 17. Bxf6 Nxf6 18. Nh4 b4
19. Nb1 Bxg2 20. Nxg2 Rc8 $11 {1/2-1/2 Ikonnikov,Vyacheslav-Bagirov,Vladimir/
Neckar op 1st (9) ;EXT 99 1997 (33)}) 14... Bc6 15. dxc5 b4 16. Nd1 Bxc5 17.
Be3 (17. Ne1 Bxg2 18. Nxg2 O-O 19. Nf4 Rc8 20. Qb3 Bf8 21. Ne3 $11 {1/2-1/2
Tratar,Marko-Haba,Petr/Ceske Budejovice op (5) ;EXT 98 1996 (47)}) 17... Be7
18. Bg5 Be4 19. Qc4 O-O 20. Ne3 Rc8 21. Qb3 $11 {1-0 Malaniuk,Vladimir
P-Kharlov,Andrei/Simferopol/Alushta ;EXT 97 1992 (44)}) 12... Be4 (12... c4 13.
Qc2 axb5 14. Rxa8 Qxa8 15. Nc3 Bc6 16. Nh4 Bxg2 17. Nxg2 Qb7 18. Bd2 Be7 19.
Rb1 b4 20. Nd1 Nb6 21. Nge3 b3 22. Qc1 O-O $132 {1/2-1/2 Nickoloff,Bryon-Wolff,
Patrick G/World op Philadelphia (4) ;EXT 97 1993 (40)}) 13. Qb3 Bd5 14. Qd1 (
14. Qc2 axb5 15. Rxa8 Qxa8 16. Nc3 Bc6 17. dxc5 (17. e4 $2 Nxe4 18. dxc5 Nxc3
19. Qxc3 b4 $1 20. Qb3 (20. Qe3 Bxc5 21. Qe2 O-O $17) 20... Bxc5 (20... Nxc5
21. Qe3 $17) 21. Rd1 O-O $17 {Ftacnik,L 0-1 Tukmakov,Vladimir B-Kharlov,Andrei/
Bern op (8) ;CBM 28 1992 (32)}) 17... b4 18. Nd1 Bxc5 19. Be3 $11) (14. Qd3 c4
15. Qc2 axb5 16. Rxa8 Qxa8 17. Nc3 Bc6 18. d5 exd5 19. Nd4 Bc5 20. Ncxb5 O-O (
20... Bxb5 21. Nxb5 Qa5 22. Nc3 $14) 21. Qc3 Rb8 $132 {1/2-1/2 Bacrot,
Etienne-Dao Thien Hai/Hoogovens-B Wijk aan Zee (3) ;CBM 57 1997 (30)} (21...
Bxb5 22. Nxb5 Qb7 23. Nd4 Qb6 24. Rd1 h6 $11)) 14... axb5 15. Rxa8 Qxa8 16. Nc3
(16. Bf4 $6 cxd4 17. Qxd4 Bc5 18. Qd3 $11 (18. Qd1 $6 O-O 19. Nbd2 h6 20. Nb3 (
20. e4 $6 Bc6 (20... Nxe4 21. Nxe4 Bxe4 22. Qxd7 Bxf3 23. Bxf3 Qxf3 24. Qxb5
$11) 21. Ne5 Nxe5 22. Bxe5 Nd7 23. Bf4 e5 24. Be3 Bxe3 25. fxe3 Qa7 $17 {
0-1 Sokolov,Ivan-Stangl,Markus/Garmisch rapid (14) ;CBM 43 ext 1994 (35)}) (20.
Qa1 $15) (20. Ne1 e5 $15) 20... Bb6 21. Ne1 Rd8 22. Bxd5 Nxd5 23. Bd2 Ne5 24.
Nf3 Nc4 $15)) 16... Bc6 $11 17. Ne1 b4 (17... Bxg2 18. Nxg2 b4 19. Nb5 Qa5 (
19... Qc6 20. Qa4 Be7 21. dxc5 O-O 22. Be3 {position from the game Alienkin -
Pavasovich 1998} Ra8 $15) 20. Qd3 Be7 $11) 18. Nb5 Qb7 19. Bxc6 Qxc6 20. Qa4
Be7 21. dxc5 O-O 22. Nc3 (22. Be3 Bxc5 23. Bxc5 Nxc5 24. Qxb4 Rb8 25. Nd4 Rxb4
26. Nxc6 Rxb2 27. e3 $11) (22. Nd3 Nxc5 23. Nxc5 Bxc5 24. Nc3 Qa8 25. Qxa8 Rxa8
26. Nb1 Ra2 (26... Ne4 27. Nd2 $11) 27. Nd2 $11) 22... Qxc5 23. Nd3 Qb6 $6 (
23... Qc4 24. Nd1 Nb6 25. Qa5 Nfd5 26. Ne3 $11) 24. Na2 $14 {[%csl Rb4] The
pawn b4 starts to require attention.} b3 25. Be3 Qb7 (25... Qd6 26. Qxb3 Nd5
27. Bd4 Rb8 28. Qc2 (28. Qc4 N7b6 29. Qc2 Rc8 30. Qd1 $14) 28... e5 29. Bc3 e4
30. Ndc1 e3 $14) 26. Nc3 $6 (26. Nac1 $1 {[%csl Rb3]} Rb8 (26... Nd5 27. Bd4
Rb8 28. Nxb3 Qxb3 29. Qxd7 Qc4 30. Be5 Rd8 31. Qb7 $16) 27. Rd1 (27. Bf4 Qb5
28. Qxb5 Rxb5 29. Rd1 Nd5 30. h4 Nxf4 31. Nxf4 Nb6 32. Rd3 Bf6 33. Rxb3 Rxb3
34. Nxb3 Bxb2 $11) 27... Ne4 (27... e5 28. Bg5 e4 29. Nf4 $14) 28. f3 Nec5 29.
Nxc5 Nxc5 30. Bxc5 Bxc5+ 31. Kg2 $14 {[%csl Rb3][%cal Gd1d7]}) 26... Rc8 (26...
Ra8 27. Qd4 $11) 27. Rc1 (27. Ra1 Nd5 $11) 27... h5 28. Bd4 h4 (28... Ra8 $6
29. Qb5 Qxb5 30. Nxb5 Ra5 31. Rc8+ Kh7 32. Rc7 Rxb5 33. Bxf6 Bxf6 34. Rxd7 Kg6
35. Kg2 $14) 29. Qb5 Qa8 $2 $16 {Black does not receive fair compensation for
a sacrificed pawn.} (29... Qxb5 $5 30. Nxb5 Rc2 31. Ra1 (31. gxh4 e5 (31...
Rxe2 32. Be3 Rc2 33. Nd4 Rxc1+ 34. Bxc1 Ne4 35. Nxb3 Bxh4 $11) 32. Bc3 Ne4 33.
Re1 Nxc3 34. Nxc3 Nc5 35. Nd5 Nxd3 36. Nxe7+ Kf8 37. exd3 Kxe7 38. Rxe5+ Kd6
39. Rb5 Rxb2 $15) 31... Rxe2 32. Nc1 Rc2 33. Nxb3 e5 $132) 30. Qxb3 h3 31. f3 (
31. Ne1 e5 32. Be3 $16) 31... e5 32. Bf2 $2 $14 {Allows black to complicate
the game.} (32. Nxe5 $1 {Being not afraid ghosts.} Nxe5 33. Bxe5 Bc5+ 34. Kh1 (
34. Kf1 Ng4 35. Bf4 Nxh2+ 36. Ke1 Nxf3+ $19) 34... Ng4 (34... Be3 35. Rb1 $5 (
35. Rd1 $2 Ng4 36. Ne4 (36. Nd5 Nf2+ 37. Kg1 Nxd1+ 38. Nxe3 Qa7 $19) 36... Qa6
37. Nd6 (37. Re1 Qxe2 $1 38. Rxe2 Rc1+ $19) 37... Nf2+ 38. Kg1 Nxd1+ 39. Kf1
Rf8 40. Qxd1 Rd8 $19) (35. Rf1 $5 Ng4 36. Nd1 (36. Nd5 Nf2+ 37. Kg1 Qxd5 38.
Qxe3 (38. Qxd5 Nd3+ 39. Kh1 Nf2+ $11) 38... Ng4 39. Qd4 Qxe5 40. Qxg4 Qe3+ 41.
Kh1 Rb8 42. b4 Qxe2 43. Qxh3 Rxb4 44. Qc8+ Kh7 45. Qf5+ Kg8 46. Rc1 Rb8 $11)
36... Nxe5 37. Nxe3 $18) 35... Ng4 36. Nd5 Nf2+ 37. Kg1 $18) 35. Ne4 Nxe5 36.
Qc3 $3 {This very strong move was missed by both sides.} (36. Nxc5 Rxc5 $19)
36... Nxf3 (36... Qd5 37. Nxc5 $18) (36... Nd7 37. b4 Qa2 38. Qe1 $1 $18) 37.
Qxf3 $16 (37. exf3 Rc7 $16 {[%cal Gc5d6]})) (32. Bxe5 $5 Qa7+ 33. Kh1 Nxe5 34.
Nxe5 Qf2 35. Qxf7+ Kh7 (35... Kh8 36. Ng6+ Kh7 37. Nf4 $18) 36. Rg1 Bc5 37.
Qg6+ Kg8 38. Qb1 Ra8 39. g4 (39. Ng6 Qxg1+ 40. Qxg1 Bxg1 41. Kxg1 Ra1+ 42. Kf2
Rh1 43. g4 Rxh2+ 44. Kg3 Rh1 45. Nf4 h2 46. Nd3 $14) 39... Bd4 40. Nd3 Qxg1+
41. Qxg1 Bxg1 42. Kxg1 $16) 32... e4 33. Nf4 $6 (33. Ne1 Ne5 34. Qc2 exf3 35.
Qf5 Neg4 36. exf3 Nxf2 37. Kxf2 Qa7+ $14) 33... exf3 34. Nxh3 (34. Qc2 fxe2 (
34... Ng4) 35. Qxe2 Ne4 36. Nxh3 Bf6 (36... Ne5 37. Bd4 $132) 37. Nf4 (37. Be1
Bd4+ 38. Nf2 Ne5 $17) 37... Ne5 38. Nfd5 Nxc3 39. Nxf6+ gxf6 40. Rxc3 Rxc3 41.
bxc3 Nf3+ 42. Kf1 Nxh2+ 43. Ke1 Nf3+ $11) 34... fxe2 35. Nxe2 $2 $17 (35. Qb5
$2 Ng4 36. Qxe2 Nde5 37. Qf1 Nf3+ 38. Kh1 Ne1+ $1 (38... Nfxh2+ 39. Qg2 $15)
39. Kg1 Ne5 40. Be3 N1f3+ 41. Kh1 Nh4+ 42. Kg1 Nef3+ 43. Kf2 (43. Kh1 Nd2+ $19)
43... Nxh2 44. Nd5 $1 Rxc1 45. Qxc1 Qxd5 $19) (35. Qa2 $1 Qb7 36. Nxe2 Rxc1+
37. Nxc1 Ne5 38. Nf4 $132) 35... Rb8 $2 $14 {Black didn't use possibility to
receive good position} ({after} 35... Rxc1+ 36. Nxc1 Ne5 {[%csl Rg1,Rh2][%cal
Ge5f3]} 37. Qc2 Nf3+ 38. Kf1 Nxh2+ 39. Kg1 Nf3+ 40. Kf1 Ne4 $17 {[%csl Rc1,Rf1,
Rh3]}) 36. Qe3 (36. Qc2 Ne5 37. Ng5 $14) 36... Bf8 (36... Nd5 37. Qd2 Ne5 38.
Nd4 $14) 37. Rc2 Re8 38. Qf4 Ne5 39. Nd4 (39. Ng5 Nd3 (39... Qa1+ 40. Qc1 $14)
40. Qc4 {[%csl Rf7]} Ne5 41. Qf4 Nd3 $11) 39... Nd3 40. Qf3 Qa1+ 41. Kg2 Nxf2
$14 (41... Ne5 42. Qb7 Re7 43. Qb3 Qa8+ $44) 42. Nxf2 Qa4 43. Rd2 (43. Nb3 Qb5
44. Rd2 $14 (44. Nd4 Qa4)) 43... Qb4 44. Nb3 Qb6 45. Nc1 Re3 46. Qa8 (46. Qd1
Qb7+ 47. Kg1 $14) 46... Re8 47. Qf3 Re3 48. Qa8 Re8 49. Qa4 Qb7+ 50. Kf1 Bb4
51. Re2 Rd8 52. Qb3 Ng4 53. Ncd3 (53. Kg1 Nxf2 54. Rxf2 Rd7 {[%cal Gb4c5]} 55.
Qc2 $44) (53. Ncd3 Nxh2+ 54. Kg1 Nf3+ (54... Qf3 55. Nc1 $8 Qxb3 56. Nxb3 Nf3+
57. Kg2 $11) 55. Kf1 $11) 1/2-1/2

[Event "EU-ch 2nd"]
[Site "Ohrid"]
[Date "2001.06.13"]
[Round "12"]
[White "Jussupow, Artur"]
[Black "Miroshnichenko, Evgenij"]
[Result "1-0"]
[WhiteElo "2645"]
[BlackElo "2520"]
[Annotator "Tsesarsky,I"]
[PlyCount "73"]
[EventDate "2001.06.01"]
[EventType "swiss"]
[EventRounds "13"]
[EventCountry "YUG"]
[SourceTitle "CBM 084"]
[Source "ChessBase"]
[SourceDate "2001.09.13"]
[SourceVersion "1"]
[SourceVersionDate "2001.09.13"]
[SourceQuality "1"]

1. d4 Nf6 2. c4 c6 3. Nf3 d5 4. e3 e6 5. Nbd2 Nbd7 6. Bd3 Bd6 7. O-O O-O 8. e4
e5 9. cxd5 cxd5 10. exd5 exd4 11. Nc4 Nc5 $2 $16 ({Much better is} 11... Bc5
12. Qc2 h6 13. a3 a5 $1 $132 {Tsesarsky} (13... b5 $6 $14 {-see detailed
commented game 1-0 Fominyh,A-Prakash,G/Guntur, AP 2000/CBM 77[Tsesarsky,I] (45)
})) 12. Nxd6 (12. Bg5 $143 $2 h6 13. Bh4 Be7 14. Re1 Nxd5 15. Bxe7 Nxe7 16.
Nce5 Nxd3 17. Qxd3 Nf5 $44 {0-1 Mattick,L-Ehrke,A/Germany 1999/GER-chT2 (39)})
12... Qxd6 13. Bc4 d3 $5 ({In case of} 13... Bg4 {White leaves with advantage:}
14. Qxd4 Bxf3 15. gxf3 Ne6 16. Qd3 (16. Qh4 Nxd5 17. Rd1 Nec7 18. Qg3 Qc6 19.
Bb3 (19. b3 Nc3 20. Re1 b5 21. Bb2 b4 22. Re4 N7d5 23. Rae1 Nf6 24. Re7 $14 {
1-0 Izeta Txabarri,F-San Segundo Carrillo,P/San Sebastian 1995/EXT 2001 (39)})
19... Ne7 20. Bg5 Nf5 21. Qg4 $16 {1/2-1/2 Salov,V-Anand,V/Linares 1992/CBM 28
(32)}) 16... Rad8 17. Rd1 Nf4 18. Bxf4 (18. Qf5 N4xd5 19. b3 Ne7 20. Rxd6 Nxf5
21. Rxd8 Rxd8 22. Bg5 $11 {1-0 Lengyel,L-Flesch,J/Budapest 1961/MCD (45)})
18... Qxf4 19. Rac1 $16 (19. d6 Ne8 $11)) 14. b4 Ncd7 (14... Na6 $5 {I suppose,
Artur found here} 15. b5 $1 (15. Qxd3 Nxb4 16. Ba3 Rd8 17. Bxb4 Qxb4 18. Rfd1
b5 19. Bb3 Bb7 20. d6 Ne4 (20... Be4 21. Qd4 Qxd4 22. Rxd4 Bxf3 23. gxf3 $14)
21. d7 Nc5 22. Qf5 Nxb3 23. axb3 Qxb3 24. Ne5 Qe6 25. Qxe6 fxe6 26. Ra5 a6 27.
Rd6 $44) ({Not so effective was} 15. a3 Bf5 16. Nd4 Bg6 17. Bb2 Nc7 18. Bxd3
Qxd5 $11 {1-0 Panchenko,A-Sosna,J/Bratislava 1991/EXT 2001 (39)}) 15... Nc5 16.
Ba3 Bf5 17. Bxd3 Bxd3 18. Qxd3 Rac8 19. Rad1 Rfd8 20. Qf5 g6 21. Qh3 $16 {
[%cal Gf3g5]}) 15. Qxd3 Nb6 16. Bb3 Rd8 ({Or} 16... Nfxd5 17. Rd1 Rd8 18. Ng5
Qg6 (18... g6 19. Qd4 $1 $18 {[%csl Rf6,Rg7,Rh8][%cal Gc1b2]}) 19. Qxg6 hxg6
20. Be3 Be6 21. Nxe6 fxe6 22. Bg5 $16 {[%csl Gb3,Re6,Gg5,Rg6,Rg7]}) 17. Bg5 h6
({White keeps an advantage also after} 17... Nbxd5 18. Rad1 Be6 19. Bxf6 gxf6
20. a3 $16 {-like in this game without h7-h6}) 18. Bh4 Nbxd5 19. Rad1 Be6 ({
Doesn't change position evaluation also} 19... g5 20. Nxg5 hxg5 21. Bxg5 Ng4
22. g3 (22. Qh3 Nge3 (22... Nxf2 23. Qf3 $18) 23. Qxe3 Nxe3 24. Rxd6 Rxd6 25.
Bxe3 Be6 $44) 22... Be6 23. Bxd8 Rxd8 24. Rfe1 $16) 20. Bxf6 gxf6 21. Nd4 $2
$14 {Drops big part of advantage...} ({Why not} 21. a3 $16 {[%csl Rf6,Rf7,Rh6]}
) 21... f5 $4 $18 {Ununderstandable terrible move.} ({Quite strong is just to
take on b4:} 21... Nxb4 {and here:} 22. Qf3 ({or} 22. Qe4 Bxb3 23. axb3 (23.
Qg4+ Kh7 24. Nf5 Qf8 25. axb3 Rxd1 26. Rxd1 Re8 27. h4 Nc6 $44) 23... Qd5 $44)
22... Bxb3 23. axb3 Qd5 24. Qh3 Qg5 25. Nf5 Kh7 26. Nd6 Qg6 27. Rd4 (27. f4 f5
28. Nxf5 Qb6+ 29. Kh1 Qf6 $132) 27... Nc6 28. Rg4 Rxd6 29. Rxg6 fxg6 $14 {
This position must be drawn.}) 22. Nxe6 (22. Nxf5 $18) 22... fxe6 23. Bxd5 exd5
(23... Qxd5 24. Qg3+ $18) 24. Qxf5 d4 25. Rfe1 (25. Rd3 $18 {[%cal Gd3g3]})
25... Re8 26. g3 (26. Re3 $1 $18) 26... Kh8 27. Re4 Rxe4 28. Qxe4 Rd8 29. Qxb7
d3 30. Qxa7 Qxb4 31. Qe3 Qd6 32. Rd2 Kg7 33. Qe4 Qa3 34. Qb7+ Kg6 35. Qc6+ Kg7
36. Qc4 Kh8 37. h4 1-0